|
|
|
|
| LEADER |
00000cam a2200000 7i4500 |
| 001 |
0000003953 |
| 005 |
20220105103954.0 |
| 008 |
070720 |
| 020 |
|
|
|a 072141561X
|
| 090 |
0 |
0 |
|a JP
|b FT ENG (5109)
|
| 245 |
0 |
4 |
|a The magic porridge pot
|c This Ladybird retelling by Joan Stimson;Illustrated by Mike Gardon
|
| 260 |
|
|
|a London :
|b Ladybird books Ltd ,
|c 1993
|
| 440 |
|
|
|a Ladybird favourite tales
|
| 500 |
|
|
|a Children age 4-6 years old (yellow)
|
| 650 |
|
0 |
|a Fairy tale
|
| 650 |
|
0 |
|a Junior preschool
|x English
|x Languages
|
| 700 |
0 |
|
|a Gardon,Mike
|
| 999 |
|
|
|a 0000866137
|b Book
|c Children Collection
|e Cawangan Pontian
|
| 999 |
|
|
|a 0000894336
|b Book
|c Children Collection
|e Cawangan Tangkak
|
| 999 |
|
|
|a 0000894468
|b Book
|c Children Collection
|e Cawangan Mersing
|
| 999 |
|
|
|a 0000894469
|b Book
|c Children Collection
|e Cawangan Segamat
|
| 999 |
|
|
|a 0000894470
|b Book
|c Children Collection
|e Cawangan Tangkak
|
| 999 |
|
|
|a 0000894476
|b Book
|c Children Collection
|e Cawangan Pontian
|
| 999 |
|
|
|a 0000894478
|b Book
|c Children Collection
|e Cawangan Segamat
|
| 999 |
|
|
|a 0000972671
|b Book
|c Children Collection
|e Perbadanan Perpustakaan Awam Johor
|
| 999 |
|
|
|a 0000972672
|b Book
|c Children Collection
|e Perbadanan Perpustakaan Awam Johor
|
| 999 |
|
|
|a 0000972673
|b Book
|c Children Collection
|e Perbadanan Perpustakaan Awam Johor
|
| 999 |
|
|
|a 0000972674
|b Book
|c Children Collection
|e Perbadanan Perpustakaan Awam Johor
|